000 00859nam a2200253Ia 4500
003 OSt
005 20220923221530.0
006 a|||||r|||| 00| 0
007 ta
008 RAJ
024 _a197,927
037 _cTextual
040 _aARTS
_cARTS
_bRAJ
041 _2RAJ
_aRAJ
082 _aO1528v, 152K8
100 _aमैनारिया, पुरूषोत्तम लाल
_9162296
245 0 _aराजस्थानी साहित्य का इतिहास
246 _aRājasthānī sāhitya kā itihāsa
260 _aजयपुर
_b मंगल प्रका0
_c1968
300 _a295पृ0
_ccm.
650 _aराजस्थानी साहित्य
942 _hO1528v, 152K8
_cTEXL
_2CC
999 _c349797
_d349797